000 00483nam a2200157 4500
001 127875
003 ES-MaACL
007 t|
008 070214s1967 mx r ||||1| spa d
100 1 _aRivera Cambas, Manuel.
_997638
245 1 0 _aMéxico pintoresco, artístico y monumental /
_cpor Manuel Rivera Cambas.
260 _aMéxico, D. F. :
_bEd. Nacional,
_c1967.
300 _aXXXV, 515, 18 p., 62 lám. ;
_c24 cm.
500 _aEs el t. I.
852 _aES-MaACL
_jE-9124
_bR.93511
999 _c127875
_d127875